01473 2200337 4500001002100000005001500021035002000036008004100056245003400097100001300131250000600144260003100150300001200181084001400193082000800207650001000215520075400225990001200979990001200991990001201003990001201015990001201027990001201039990001201051990001201063990001201075990001201087990001201099990001201111990001201123INLIS00000000000102020240527031113 a0010-0524000255240527 1 ind 1 aPada Sebuah Kapal /cNH. Dini aNH. Dini a1 aJakarta :bGramedia,c2018 a351 hlm a813 DIN p a813 4aFiksi aSetelah tunangannya (Saputro) tewas dalam kecelakaan pesawat terbang, akhirnya Sri menikah dengan Charles Vincent. Pasangan ini kemudian bermukim di Kobe, Jepang. Meskipun sudah memperoleh seorang anak dari diplomat Perancis itu, Sri sesungguhnya tidak merasa bahagia. Tidak dinyana, dalam perjalanan liburan dari Saigon menuju Marseille, Sri menemukan kembali kemesraan dan kelembutan yang telah sekian lama didambakannya itu pada Michael Dubanton, komandan kapal yang sudah beristri dan mempunyai dua orang anak. Sri yang tidak mencintai suaminya sejak semula itu pun menjalin kasih dengan Michael yang kecewa dengan isterinya (Nicole)! Nh. Dini mengungkapkan kisah Sri-Michel yang terjadi pada sebuah kapal dengan goresan amat halus dan memikat. a0743998 a0713465 a0713479 a0713466 a0713467 a0713468 a0713470 a0713471 a0713472 a0713474 a0713476 a0713477 a0713478